Rzeczowniki na literę J - Statystyki

Ogólne statystyki
  • Ten quiz został rozwiązany 67 razy
  • Średni wynik to 33 z 55
Statystyki odpowiedzi
Odpowiedź % Poprawnych
jad
98%
jeż
95%
jabłko
91%
jajko
91%
jak
91%
jaw
91%
jagoda
89%
jamnik
89%
jama
86%
jodła
86%
jedzenie
84%
jastrząb
80%
jesień
80%
język
80%
jajecznica
77%
jarzyna
77%
jeżyna
77%
jarzębina
75%
jeżozwierz
73%
jęk
70%
jezioro
70%
jeleń
68%
jacht
66%
jazda
66%
jubiler
66%
jadalnia
64%
jaskółka
64%
jemioła
64%
jogurt
64%
jagnię
61%
jedynak
59%
jezdnia
59%
jon
59%
jaszczurka
57%
jubilat
57%
jagnięcina
55%
jasność
52%
jedność
52%
jowisz
52%
jaguar
50%
jubileusz
48%
jajnik
45%
jakość
45%
jarmuż
45%
jednostka
36%
juror
36%
junior
32%
jaskinia
27%
jadłospis
25%
judo
16%
jaźń
14%
jedwab
14%
jelito
11%
jasnowidz
7%
jeździec
5%
Nie znaleziono quizów pasujących do podanych kryteriów
Rozkład punktacji
Procent ludzi z każdym wynikiem
Percentyl według liczby udzielonych odpowiedzi
Twoja historia wyników
Nie rozwiązałeś tego quizu